000 00966nam a2200289 i 4500
003 EG-GICUC
005 20260212125707.0
008 260212s1990 -us ||fq|||| 00| 0 eng d
040 _aEG-GiCUC
_beng
_cEG-GiCUC
_dEG-GiCUC
_erda
041 0 _aeng
082 0 4 _221
_a341.48
_bRE . S
092 0 4 _221
099 _aLaw1 11 341.48 RE . S 1990
100 1 _aReisman, W. Michael
_eAuthor.
245 1 2 _aSovereignty And Human Rights In Contemporary International Law /
_cW. Michael, Reisman.
264 1 _aWashington :
_bThe American Journal Of International, Law,
_c1990.
300 _a867-876 pages :
_c24 cm
336 _2rda content
_atext
337 _2rda media
_aComputer
338 _2rda carrier
_aOnline Resource
504 _a Includes bibliographical references.
546 _aText in English
650 1 4 _aPublic international law
856 4 0 _uhttps://fll.law.cu.edu.eg/fulltext/bks/B11-06561.pdf
905 _a48
942 _2ddc
_cBK
_e21
_n0
999 _c62777
_d62777